On imitation, imagination and beauty : (Record no. 204591)

MARC details
000 -LEADER
fixed length control field 01276nam a2200337 a 4500
001 - CONTROL NUMBER
control field vtls000197834
003 - CONTROL NUMBER IDENTIFIER
control field NLI
005 - DATE AND TIME OF LATEST TRANSACTION
control field 20210602114117.0
008 - FIXED-LENGTH DATA ELEMENTS--GENERAL INFORMATION
fixed length control field 101125s1977 gw 000 eng
039 #9 - LEVEL OF BIBLIOGRAPHIC CONTROL AND CODING DETAIL [OBSOLETE]
-- 201011252332
-- VLOAD
040 0# - CATALOGING SOURCE
Original cataloging agency NLI
Language of cataloging eng
Transcribing agency VERGIS-2010
Description conventions AACR2
041 1# - LANGUAGE CODE
Language code of text/sound track or separate title eng
Language code of original ger
044 ## - COUNTRY OF PUBLISHING/PRODUCING ENTITY CODE
MARC country code gw
082 04 - DEWEY DECIMAL CLASSIFICATION NUMBER
Classification number 830.9
100 1# - MAIN ENTRY--PERSONAL NAME
Personal name Martinson, Steven D,
Dates associated with a name 1949-
9 (RLIN) 379672
245 10 - TITLE STATEMENT
Title On imitation, imagination and beauty :
Remainder of title a critical reassessment of the concept of the literary artist during the early German "Aufklarung" /
Statement of responsibility, etc. by Steven D. Martinson
250 ## - EDITION STATEMENT
Edition statement 1. Aufl.
260 ## - PUBLICATION, DISTRIBUTION, ETC.
Place of publication, distribution, etc. Bonn :
Name of publisher, distributor, etc. Bouvier,
Date of publication, distribution, etc. 1977
300 ## - PHYSICAL DESCRIPTION
Extent x, 197 p ;
Dimensions 25 cm.
440 #0 - SERIES STATEMENT/ADDED ENTRY--TITLE
Title Abhandlungen zur Kunst-, Musik- und Literaturwissenschaft ;
Volume/sequential designation Bd. 258
9 (RLIN) 379673
650 #0 - SUBJECT ADDED ENTRY--TOPICAL TERM
Topical term or geographic name entry element German literature
Chronological subdivision 18th century
General subdivision History and criticism
9 (RLIN) 141309
650 #0 - SUBJECT ADDED ENTRY--TOPICAL TERM
Topical term or geographic name entry element Enlightenment
Geographic subdivision Germany
9 (RLIN) 253292
650 #0 - SUBJECT ADDED ENTRY--TOPICAL TERM
Topical term or geographic name entry element Criticism
Geographic subdivision Germany
General subdivision History
9 (RLIN) 103977
651 #0 - SUBJECT ADDED ENTRY--GEOGRAPHIC NAME
Geographic name Germany
General subdivision Intellectual life
9 (RLIN) 250921
887 ## - NON-MARC INFORMATION FIELD
Content of non-MARC field
901 ## - LOCAL DATA ELEMENT A, LDA (RLIN)
a 458780
b 18.03.1980
902 ## - LOCAL DATA ELEMENT B, LDB (RLIN)
a E 830.9 M 366
949 ## - LOCAL PROCESSING INFORMATION (OCLC)
-- VIRTUAITEM
-- 10000
-- 100
6 PUR000458780ENG
942 ## - ADDED ENTRY ELEMENTS (KOHA)
Source of classification or shelving scheme Dewey Decimal Classification
Koha item type Books
Holdings
Withdrawn status Lost status Damaged status Not for loan Collection code Home library Current library Shelving location Date acquired Total Checkouts Full call number Barcode Date last seen Price effective from Koha item type
        New English National Library of India National Library of India New English - Main Stack Division     E 830.9 M 366 PUR000458780ENG 02/06/2021 02/06/2021 Books
                                                                           
web counter

Copyright ©2020 The National Library of India, Govt. of India ↔ Hosted by NVLI, MOC ↔ Technology and Design by National Library of India, Ministry of Culture, Govt. of India